| Tag |
First Indicator |
Second Indicator |
Subfields |
| LEADER |
00000cam a2200000 a 4500 |
| 001 |
in00000013514 |
| 005 |
20151007052505.0 |
| 008 |
870416s1987 ohu b s00110 eng |
| 010 |
|
|
|a 87071029
|
| 020 |
|
|
|a 0879723734
|
| 020 |
|
|
|a 0879723742 (pbk.)
|
| 035 |
|
|
|a (OCoLC)16630426
|
| 035 |
|
|
|9 AAA8004AM
|
| 040 |
|
|
|a DLC
|c DLC
|d TXA
|d UtOrBLW
|
| 043 |
|
|
|a n-us---
|
| 049 |
|
|
|a TXAM
|c [A11048830]
|
| 050 |
0 |
0 |
|a PS3554.R8
|b Z74 1987
|
| 082 |
0 |
|
|a 813/.54
|2 19
|
| 100 |
1 |
|
|a Kemme, Tom.
|
| 245 |
1 |
0 |
|a Political fiction, the spirit of the age, and Allen Drury /
|c Tom Kemme.
|
| 264 |
|
1 |
|a Bowling Green, Ohio :
|b Bowling Green State University Popular Press,
|c [1987]
|
| 264 |
|
4 |
|c ©1987
|
| 300 |
|
|
|a 250 pages ;
|c 24 cm.
|
| 336 |
|
|
|a text
|b txt
|2 rdacontent
|
| 337 |
|
|
|a unmediated
|b n
|2 rdamedia
|
| 338 |
|
|
|a volume
|b nc
|2 rdacarrier
|
| 504 |
|
|
|a Bibliography: pages 239-241.
|
| 500 |
|
|
|a Includes index.
|
| 600 |
1 |
0 |
|a Drury, Allen
|x Criticism and interpretation.
|
| 650 |
|
0 |
|a Political fiction, American
|x History and criticism.
|
| 999 |
|
|
|a MARS
|
| 999 |
f |
f |
|s bab9580e-0284-3ca7-bf62-d2ad4438d701
|i a11df051-0333-3822-b3aa-f8af5a67d432
|t 0
|
| 952 |
f |
f |
|p ric
|a Texas A&M University
|b Rellis Campus
|c Joint Library Facility
|d Remote Storage
|t 0
|e PS3554.R8 Z74 1987
|h Library of Congress classification
|i unmediated -- volume
|m A14811048830
|
| 998 |
f |
f |
|a PS3554.R8 Z74 1987
|t 0
|l Remote Storage
|